|
|
|
|
| LEADER |
01200nam a2200277 a 4500 |
| 001 |
00025155 |
| 008 |
120519s2011 enka 000 1 eng |
| 020 |
|
|
|a 9780194249270
|
| 020 |
|
|
|a 9780194249256 (book and multiROM pack)
|
| 040 |
|
|
|a BD-DhAAL
|c BD-DhAAL.
|
| 082 |
0 |
0 |
|a 428.6
|2 22
|
| 100 |
1 |
|
|a Fitzgerald, F. Scott.
|9 6947
|
| 245 |
1 |
4 |
|a The curious case of Benjamin Button & other stories /
|c F. Scott Fitzgerald ; text adaptation by Clare West ; illustrated by Nick Hardcastle.
|
| 260 |
|
|
|a Oxford ;
|a New York :
|b Oxford University Press,
|c c2011.
|
| 300 |
|
|
|a 83 p. :
|b col. ill. ;
|c 21 cm.
|
| 490 |
1 |
|
|a Dominoes. Level three.
|
| 541 |
|
|
|e 00025155
|
| 650 |
0 |
|
|a Readers (Adult)
|
| 650 |
0 |
|
|a English language
|v Textbooks for foreign speakers.
|
| 700 |
1 |
|
|a West, Clare.
|9 54161
|
| 700 |
1 |
|
|a Hardcastle, Nick.
|9 54162
|
| 830 |
|
|
|a Dominoes. Level three.
|9 54156
|
| 852 |
1 |
|
|a Ayesha Abed Library
|c General shelf.
|
| 942 |
|
|
|2 ddc
|c BK
|
| 999 |
|
|
|c 12248
|d 12248
|
| 952 |
|
|
|0 0
|1 0
|2 ddc
|4 0
|6 428_600000000000000_FIT
|7 0
|9 20277
|a BRACUL
|b BRACUL
|c GEN
|d 2012-05-23
|e Karim International
|g 651.00
|l 3
|m 20
|o 428.6 FIT
|p 3010025155
|r 2026-02-03
|s 2025-10-08
|t 1
|w 2012-05-23
|y BK
|x Transferred from BIL to BRACUL on 06/06/22
|